Contribution a la connaissance des Riodinidae Sud-Americains (Insectes Lépidopteres) (Registro nro. 5724)

Detalles MARC
000 -CABECERA
Campo de control 00441nam a2200145 a 4500
090 ## - CLASIFICACIÓN LOCAL
Colección LB
Consecutivo 04980
041 ## - IDIOMA
Código de idioma para texto/pista de sonido o título separado Francés
100 ## - ASIENTO PRINCIPAL--NOMBRE PERSONAL
Nombre personal Rebillard, Pierre
245 ## - MENCION DE TITULO
Título Contribution a la connaissance des Riodinidae Sud-Americains (Insectes Lépidopteres)
260 ## - PUBLICACION, DISTRIBUCION, ETC. (PIE DE IMPRENTA)
Lugar de publicación, distribución, etc. París
Nombre del editor, distribuidor, etc. Editions du Museum
Fecha de publicación, distribución, etc. 1958
300 ## - DESCRIPCION FISICA
Extensión 215 p.
942 ## - ELEMENTOS ADICIONALES (KOHA)
Tipo de ítem
945 ## - PROCESAMIENTO LOCAL
AAAA-MM-DD - Fecha de ingreso o modificacion 2007-08-01
Existencias
Withdrawn status Lost status Damaged status No para préstamo Colección Inventariado Ubicación Permanente Ubicación actual Fecha de adquisición Fuente de Valor Valor Total Checkouts Número topográfico Inventario / Código de Barras Date last seen Ejemplar Price effective from Forma de adquisición Tipo de material
        Entomología Inventariado 2017 Villa de Leyva Villa de Leyva 01/08/2007 Amazon 60000.00   LB-04980 024916 04/12/2012 Ej.1 04/12/2012   Libro